| 000 | 00443nam a2200157 a 4500 | ||
|---|---|---|---|
| 020 | _a0045310033 (pbk) | ||
| 082 |
_a620.3 _bTHO _cL-NUST 01, P-83. |
||
| 100 | 1 |
_aThomson, William T. _940944 |
|
| 245 | 1 | _aVibration theory and applications | |
| 260 |
_aLondon: _bGeorge Allen & Unwin Ltd., _c1973 |
||
| 300 | _axi, 384p. | ||
| 526 |
_a0 _b0 _c0 _d620_300000000000000_THO |
||
| 650 | 0 |
_aMCE _9379 |
|
| 650 | 0 |
_aVibration _939230 |
|
| 942 |
_2ddc _cBK |
||
| 999 |
_c545162 _d545162 |
||